| 000 | 01129nam a22003257a 4500 | ||
|---|---|---|---|
| 003 | CHAP | ||
| 005 | 20220329135943.0 | ||
| 008 | 971013s1972 r 00010 d | ||
| 010 | _a44622 | ||
| 011 | _a45594 | ||
| 035 | _a49733 | ||
| 040 | _cCHAP | ||
| 090 | _aFolleto 7039 | ||
| 110 |
_aMéxico. INIA. Centro de Investigaciones Agrícolas del Noreste _977069 |
||
| 245 | _aJustificación del nuevo Campo Agrícola Experimental de Zacatecas | ||
| 260 |
_aMéxico, D.F. : _bEl Instituto, _c1972 |
||
| 300 | _a(7 h.) | ||
| 590 |
_aBATCH-UPD _b10 _c20130110 _lUCH01 _h0025 |
||
| 590 |
_aBATCH-UPD _b10 _c20130110 _lUCH01 _h1037 |
||
| 590 |
_aBATCH-UPD _b10 _c20130409 _lUCH01 _h2006 |
||
| 590 |
_aBATCH-UPD _b10 _c20130913 _lUCH01 _h2108 |
||
| 590 |
_aCONVERSION _b10 _c20130109 _lUCH01 _h1324 |
||
| 650 | 1 | 4 |
_aAgricultura _xInvestigación _xZacatecas. _91693 |
| 650 | 1 | 4 |
_aAgricultura _xZacatecas. _91905 |
| 901 | _aBK | ||
| 942 | _cFOLL | ||
| 949 |
_aFolleto 7039 _bBC _cFOLL _d-112110 _eTS1 _i49733 _si |
||
| 949 |
_aFolleto 7039 _bBC _cFOLL _d-112111 _eTS2 _fc.2 _i49733 _si |
||
| 949 |
_aFolleto 7039 _bBC _cFOLL _d-112112 _eTS2 _fc.3 _i49733 _si |
||
| 999 |
_c44622 _d44622 |
||